| 000 | 01127nas a2200313 i 4500 | ||
|---|---|---|---|
| 001 | 1550 | ||
| 003 | ES-MaACL | ||
| 005 | 20250814062553.0 | ||
| 007 | t| | ||
| 008 | 950801c1982 ck b| | 1 ||pa d | ||
| 080 | _a(861) | ||
| 080 | _a821.134.2 | ||
| 080 | _a06 | ||
| 245 | 0 | 0 |
_aNoticias culturales _b: boletín informativo bimestral del Instituto Caro y Cuervo. |
| 260 |
_aBogotá : _bImp. Patriótica del Instituto Caro y Cuervo, _c1982- |
||
| 300 |
_a3 v. ; _c28 cm. |
||
| 310 | _aBimestral | ||
| 362 | 0 | _a2ª época, n. 1 (1982)- | |
| 650 | 1 | 7 |
_aLiteratura española _2embne _914539 |
| 650 | 4 |
_aInstituciones científicas y diversas _913829 |
|
| 655 | 7 |
_2tgfbne _9226866 _aRevistas |
|
| 710 | 2 |
_aInstituto Caro y Cuervo. _94806 |
|
| 852 |
_aES-MaACL _jHem-1877 _zExpurgado marzo 2025; posterior 1958; sin encuadernar; en acceso abierto |
||
| 856 |
_uhttps://thesaurus.caroycuervo.gov.co/index.php/rth/issue/archive _yCaro y Cuervo |
||
| 866 | 0 | _o(1982f.n.1-3)(1983f.n.5,6 y 8)1984(1985 f.n. 16-17) 1986-90 (1991 f.n. 55-57) (1992). | |
| 942 |
_2udc _cPERIODICA |
||
| 999 |
_c1550 _d1550 |
||